Top 10 countries with the best food - Statistics

General Stats
  • This quiz has been taken 239 times
  • The average score is 7 of 10
Answer Stats
Rank Answer % Correct
1 Italy
96%
7 France
92%
2 Spain
86%
3 Mexico
80%
6 Greece
75%
9 Brazil
66%
5 Turkey
64%
4 Thailand
58%
8 Portugal
54%
10 Argentina
46%
No matching quizzes found
Score Distribution
Percent of People with Each Score
Percentile by Number Answered
Your Score History
You have not taken this quiz